000 00826nas a2200253 4500
001 BR9209190
003 BR-BrBNA
005 20231205093230.0
007 ta
008 230509b bl.|||p| |||| 00| 00por d
040 _aBR-BrBNA
_bpor
_cBiblioteca Nacional de Agricultura
041 _a(Pt)
072 _aE11
100 1 _aVeiga Filho, A.A.
100 1 _aYoshii, R.J.
245 1 _aUso da terra no estado de Sao Paulo: mudancas na composicao das atividades agricolas e o caso da cana-de-acucar
650 _aCANA DE ACUCAR
650 _aUSO DA TERRA
650 _aAPTIDAO AGRICOLA
650 _aSAO PAULO
773 0 _tInformacoes Economicas - Instituto de Economia Agricola (Brazil)
_xISSN 0100-4409
_g(Feb 1992), v. 22(2) p. 45-53
_wBR9209190
909 _a202311
_bLúcia
_c55
_dLúcia Elande
942 _2AGRIS
_n0
_cANA
999 _c136983
_d136983